=LDR 00000nam 2200000 4500 =001 INLIS000000000011507 =005 20201019090034 =035 ##$$a 0010-061300000011507 =008 201019################g##########0#ind## =041 ##$$a Ind =082 ##$$a 321.4 =090 ##$$a 321.4, Sum s =100 ##$$a Sumitro =245 1#$$a Suksesi militer dan mahasiswa /$c Jenderal Soemitro =260 ##$$a Jakarta :$b Pustaka Sinar Harapan,$c 1996 =300 ##$$a 110 hlm. ; $c 21 x 14 cm. =650 #4$$a Demokrasi =850 ##$$a NBPNMAT =020 ##$$a 979-416-356-1 =084 ##$$a 321.4 SUM s =250 ##$$a Cet. 1 =504 ##$$a Biografi :109-110 =990 ##$$a 94.871/pb.96 =990 ##$$a 110.020/Pro-1997 =990 ##$$a 94.871/Pb-1996 =990 ##$$a 00033433 =990 ##$$a 104.155/Pro-1996